000 01032nam a2200253 a 4500
005 20070323134202.0
008 060906s2007 ii b 001 0 eng
010 _aENG-92430
020 _a8179751481
_c700.00
035 _aEN-75963
037 _bDBAD / PUB
040 _adpl
_bEnglish
082 _a883.08
100 _aAnand Murty, A. S.
245 _aShort-stories of Katherine Mansfield :
_bdevelopment of technique /
_cby A.S. Anand Murty.
260 _aNew Delhi :
_bAnamika Publishers & Distributors,
_c2007.
300 _axx, 307 p. ;
_c23 cm (Hb)
504 _aIncludes bibliographical references and index.
600 _aMansfield, Katherine,1888-1923.
_xTechnique.
651 _aNew Zealand
_xSocial life and customs
_xFiction.
651 _aEurope
_xSocial life and customs
_xFiction.
942 _2ddc
_cEN
_h883.08
_mMUR
999 _c20799
_d20799